Normal view MARC view

Entry Geographic Name

Number of records used in: 1

001 - CONTROL NUMBER

  • control field: 360

003 - CONTROL NUMBER IDENTIFIER

  • control field: OSt

005 - DATE AND TIME OF LATEST TRANSACTION

  • control field: 20140707145649.0

008 - FIXED-LENGTH DATA ELEMENTS

  • fixed length control field: 140707|| aca||aabn | a|a d

040 ## - CATALOGING SOURCE

  • Original cataloging agency: OSt
  • Transcribing agency: OSt

151 ## - HEADING--GEOGRAPHIC NAME

  • Geographic name: Anatomy

670 ## - SOURCE DATA FOUND

  • Source citation: Work cat.: (OSt): Netter Frank H. 359, Atlas of human anatomy , 2011